Movies Quiz

Random Movies or Actor Quiz
Score 0/30 Timer 10:00
0 Plays Today
Movie Title Colour % Correct
_____ PantherBlack
100%
The _____ HornetGreen
97%
____ Is The Warmest ColourBlue
97%
The Thin ___ LineRed
97%
The _____ MileGreen
97%
Fool's ____Gold
97%
Pretty In ____Pink
97%
_____ House DownWhite
93.9%
___ SparrowRed
93.9%
______ SubmarineYellow
93.9%
____kKlansmanBlack
93.9%
______ Linings PlaybookSilver
93.9%
Pirates Of The Caribbean: The Curse Of The _____ PearlBlack
93.9%
Anchorman: The Legend Of Ron ________Burgundy
93.9%
Snow _____ And The HuntsmanWhite
93.9%
Movie Title Colour % Correct
___ DragonRed
90.9%
____fingerGold
90.9%
The _______ LetterScarlet
90.9%
_____ BookGreen
87.9%
____ SealsNavy
84.8%
______ CountyOrange
81.8%
The ____Grey
78.8%
Into The ____Blue
78.8%
The Lair Of The _____ WormWhite
51.5%
The _____ BunnyBrown
48.5%
___ HighSky
39.4%
__________Aquamarine
27.3%
The ______Bronze
21.2%
______ NoonPurple
21.2%
______edMaroon
18.2%

You're not logged in!

Compare scores with friends on all Sporcle quizzes.
OR
Log In

Sporcle TV

Today on Sporcle TV


Watch our educational content, quiz creation guides, and fun videos on Sporcle TV.

Show Comments

Extras

Created Sep 9, 2019ReportNominate
Tags:Actor Quiz, date

Top Quizzes Today


Score Distribution

Paid Content

Your Account Isn't Verified!

In order to create a playlist on Sporcle, you need to verify the email address you used during registration. Go to your Sporcle Settings to finish the process.

Report this User

Report this user for behavior that violates our Community Guidelines.

Details: